00782nam a2200241Ia 4500001000600000003000900006008004100015040001300056040001300069041001300082100002100095100002900116245003800145245004700183250001100230260001300241260001100254260004900265300005700314500011400371650002400485650003100509 7431IT-RoPAU130308s9999 xx 000 0 und d aIT-RoPAU cIT-RoPAU aFRANCESE aMalrieu Philippe gCodice Aut. SPICS: 10423 aGenese des conduites d'identitè bIdentite' Individuelle et Personnalisation a1a ed. aTOULOUSE bPrivat c1980 [1° Ed.:1980 - Ed.Ling.Originale:1979] a"13 p. (prefazione: no ; testo: 13 [pagine: 39-51])" aGenesi dei comportamenti D'Identità Divenire delle Identità Identità Individuale Costruzione Dialettica aSAGGI DI PSICOLOGIA eCodice materia Spics: 3607